World fisheries abstracts.

Bibliographic Details
Corporate Author: Food and Agriculture Organization of the United Nations. Secretariat. Fisheries Division
Format: Serial
Language:English
Published: Rome [etc.] : Food and Agriculture Organization of the United Nations.
Subjects:
Online Availability: Check for online availability

MARC

Tag First Indicator Second Indicator Subfields
LEADER 00000cas a2200000 4500
001 in00000067780
005 20151008050818.0
008 751101d19501972it br a i0uuua0enge
010 |a  54016543  
022 |a 0043-8472 
035 |a (OCoLC)01770144 
035 |9 AAG3532AM 
040 |a DLC  |c MUL  |d SUL  |d HUL  |d TXA  |d UtOrBLW 
049 |a TXAE 
050 0 |a SH401  |b .F7 
082 0 |a 016.639 
222 0 |a World fisheries abstracts 
245 0 0 |a World fisheries abstracts. 
264 1 |a Rome [etc.] :  |b Food and Agriculture Organization of the United Nations. 
300 |a 23 volumes :  |b illustrations ;  |c 24 cm.  |a bimonthly. 
336 |a text  |b txt  |2 rdacontent 
337 |a unmediated  |b n  |2 rdamedia 
338 |a volume  |b nc  |2 rdacarrier 
362 0 |a v. 1-23; Jan./Feb. 1950-Oct./Dec. 1972. 
550 |a Issued by the Fisheries Division of the Food and Agriculture Organization of the United Nations. 
650 0 |a Fisheries  |x Abstracts. 
710 2 |a Food and Agriculture Organization of the United Nations.  |b Secretariat.  |b Fisheries Division. 
999 |a MARS 
999 f f |s a9d8ab00-c6bf-3a8d-80e8-0e2d168be888  |i 99764caf-06b0-3b07-b2d9-6704b2d2210e  |t 0 
952 f f |p ric  |a Texas A&M University  |b Rellis Campus  |c Joint Library Facility  |d Remote Storage  |t 0  |e SH401 .F7  |h Library of Congress classification  |i unmediated -- volume  |k v.21  |l 1970  |m A14842037419 
952 f f |p ric  |a Texas A&M University  |b Rellis Campus  |c Joint Library Facility  |d Remote Storage  |t 0  |e SH401 .F7  |h Library of Congress classification  |i unmediated -- volume  |k v.11:no.1:Suppl.  |l 1959  |m A14851404781 
952 f f |p ric  |a Texas A&M University  |b Rellis Campus  |c Joint Library Facility  |d Remote Storage  |t 0  |e SH401 .F7  |h Library of Congress classification  |i unmediated -- volume  |k v.17  |l 1966  |m A14842037369 
952 f f |p ric  |a Texas A&M University  |b Rellis Campus  |c Joint Library Facility  |d Remote Storage  |t 0  |e SH401 .F7  |h Library of Congress classification  |i unmediated -- volume  |k v.4:no.5  |l 1953  |m A14842037401 
952 f f |p ric  |a Texas A&M University  |b Rellis Campus  |c Joint Library Facility  |d Remote Storage  |t 0  |e SH401 .F7  |h Library of Congress classification  |i unmediated -- volume  |k v.20  |l 1969  |m A14842037344 
952 f f |p ric  |a Texas A&M University  |b Rellis Campus  |c Joint Library Facility  |d Remote Storage  |t 0  |e SH401 .F7  |h Library of Congress classification  |i unmediated -- volume  |k v.22  |l 1971  |m A14842037351 
952 f f |p ric  |a Texas A&M University  |b Rellis Campus  |c Joint Library Facility  |d Remote Storage  |t 0  |e SH401 .F7  |h Library of Congress classification  |i unmediated -- volume  |k v.19  |l 1968  |m A14842037393 
952 f f |p ric  |a Texas A&M University  |b Rellis Campus  |c Joint Library Facility  |d Remote Storage  |t 0  |e SH401 .F7  |h Library of Congress classification  |i unmediated -- volume  |k v.18  |l 1967  |m A14842037377 
952 f f |p ric  |a Texas A&M University  |b Rellis Campus  |c Joint Library Facility  |d Remote Storage  |t 0  |e SH401 .F7  |h Library of Congress classification  |i unmediated -- volume  |k v.23  |l 1972  |m A14842037427 
998 f f |a SH401 .F7  |s v.4:no.5 (1953),v.17 (1966)-v.23 (1972)  |t 0  |l Remote Storage